Advanced accounts (Record no. 3791)

000 -LEADER
fixed length control field 00583nam a22002291 4500
001 - CONTROL NUMBER
control field 3791
003 - CONTROL NUMBER IDENTIFIER
control field BD-DhUET
008 - FIXED-LENGTH DATA ELEMENTS--GENERAL INFORMATION
fixed length control field 740123s1966 ii k 000 0 eng
020 ## - INTERNATIONAL STANDARD BOOK NUMBER
International Standard Book Number 8121902789
040 ## - CATALOGING SOURCE
Original cataloging agency DLC
Transcribing agency DLC
Modifying agency BD-DhUET
082 00 - DEWEY DECIMAL CLASSIFICATION NUMBER
Classification number 657
Item number SHU/1999
100 1# - MAIN ENTRY--PERSONAL NAME
Personal name Shukla, M. C.
245 10 - TITLE STATEMENT
Title Advanced accounts
Statement of responsibility, etc. by M. C. Shukla and T. S. Grewal
250 ## - EDITION STATEMENT
Edition statement 14th ed.
260 ## - PUBLICATION, DISTRIBUTION, ETC. (IMPRINT)
Place of publication, distribution, etc. New Delhi
Name of publisher, distributor, etc. S, chand
Date of publication, distribution, etc. 1999
300 ## - PHYSICAL DESCRIPTION
Extent v.p.
Other physical details ill.
Dimensions 25 cm.
504 ## - BIBLIOGRAPHY, ETC. NOTE
Bibliography, etc Includes bibliographies
650 #0 - SUBJECT ADDED ENTRY--TOPICAL TERM
Topical term or geographic name as entry element Accounting
700 ## - ADDED ENTRY--PERSONAL NAME
Personal name Grewal, T. S.
700 ## - ADDED ENTRY--PERSONAL NAME
Personal name Gupta, S. C.
942 ## - ADDED ENTRY ELEMENTS (KOHA)
Koha item type General Book
Holdings
Koha date last seen Koha normalized classification for sorting Copy number Koha item type Withdrawn status Date acquired Source of classification or shelving scheme Sublocation or collection (holding branch) Damaged status Piece designation (barcode) Koha full call number Shelving location Location (home branch) Price effective from Not for loan Lost status
2014-11-05657SHU19991General Book 2014-11-05 Central Library, BUET 93656657/SHU/1999Circulation sectionCentral Library, BUET2014-11-05  
2014-11-05657SHU19992General Book 2014-11-05 Central Library, BUET 93657657/SHU/1999Circulation sectionCentral Library, BUET2014-11-05  
2014-11-05657SHU19993General Book 2014-11-05 Central Library, BUET 93658657/SHU/1999Circulation sectionCentral Library, BUET2014-11-05  
2014-11-05657SHU19994General Book 2014-11-05 Central Library, BUET 93659657/SHU/1999Circulation sectionCentral Library, BUET2014-11-05  
2014-11-05657SHU19995General Book 2014-11-05 Central Library, BUET 93660657/SHU/1999Circulation sectionCentral Library, BUET2014-11-05  
2014-11-05657_000000000000000_SHU_19996General Book 2014-11-05 Central Library, BUET 93661657/SHU/1999Circulation sectionCentral Library, BUET2014-11-05  
2014-11-05657SHU19997General Book 2014-11-05 Central Library, BUET 93662657/SHU/1999Circulation sectionCentral Library, BUET2014-11-05  
2014-11-05657_000000000000000_SHU_19998General Book 2014-11-05 Central Library, BUET 93655657/SHU/1999Circulation sectionCentral Library, BUET2014-11-05  
2015-06-20657_000000000000000_SHU_19999Reading Item 2015-06-20 Central Library, BUET 93654657/SHU/1999Reading sectionCentral Library, BUET2015-06-20  
2015-06-20657_000000000000000_SHU_199910Reading Item 2015-06-20 Central Library, BUET 93653657/SHU/1999Reading sectionCentral Library, BUET2015-06-20